<?xml version="1.0" encoding="UTF-8"?>
<record
    xmlns:xsi="http://www.w3.org/2001/XMLSchema-instance"
    xsi:schemaLocation="http://www.loc.gov/MARC21/slim http://www.loc.gov/standards/marcxml/schema/MARC21slim.xsd"
    xmlns="http://www.loc.gov/MARC21/slim">

  <leader>01956nam0a2200361   4500</leader>
  <controlfield tag="001">RU\NLR\bibl\1809572</controlfield>
  <controlfield tag="005">20260405130120.0</controlfield>
  <datafield tag="010" ind1=" " ind2=" ">
    <subfield code="a">978-5-91160-042-6</subfield>
    <subfield code="9">2000</subfield>
  </datafield>
  <datafield tag="021" ind1=" " ind2=" ">
    <subfield code="a">RU</subfield>
    <subfield code="b">2011-62667</subfield>
    <subfield code="9">4395</subfield>
  </datafield>
  <datafield tag="035" ind1=" " ind2=" ">
    <subfield code="a">(NLR Aleph) 001800198</subfield>
  </datafield>
  <datafield tag="090" ind1=" " ind2=" ">
    <subfield code="a">1791263</subfield>
    <subfield code="c">1791263</subfield>
  </datafield>
  <datafield tag="100" ind1=" " ind2=" ">
    <subfield code="a">20110915d2011    |||y0rusy50      ca</subfield>
  </datafield>
  <datafield tag="101" ind1="1" ind2=" ">
    <subfield code="a">rus</subfield>
    <subfield code="c">ger</subfield>
  </datafield>
  <datafield tag="102" ind1=" " ind2=" ">
    <subfield code="a">RU</subfield>
  </datafield>
  <datafield tag="105" ind1=" " ind2=" ">
    <subfield code="a">a   |||||||||</subfield>
  </datafield>
  <datafield tag="200" ind1="1" ind2=" ">
    <subfield code="a">&#x423;&#x447;&#x435;&#x431;&#x43D;&#x438;&#x43A; &#x43F;&#x43E; &#x441;&#x438;&#x441;&#x442;&#x435;&#x43C;&#x43D;&#x43E;&#x439; &#x442;&#x435;&#x440;&#x430;&#x43F;&#x438;&#x438; &#x438; &#x43A;&#x43E;&#x43D;&#x441;&#x443;&#x43B;&#x44C;&#x442;&#x438;&#x440;&#x43E;&#x432;&#x430;&#x43D;&#x438;&#x44E;</subfield>
    <subfield code="f">&#x410;&#x440;&#x438;&#x441;&#x442; &#x444;&#x43E;&#x43D; &#x428;&#x43B;&#x438;&#x43F;&#x43F;&#x435;, &#x419;&#x43E;&#x445;&#x430;&#x43D; &#x428;&#x432;&#x430;&#x439;&#x442;&#x446;&#x435;&#x440;</subfield>
    <subfield code="g">[&#x43F;&#x435;&#x440;. &#x441; &#x43D;&#x435;&#x43C;.: &#x43F;&#x440;&#x43E;&#x444;. &#x410;. &#x424;&#x438;&#x43B;&#x44C;&#x446;, &#x41D;. &#x411;&#x440;&#x435;&#x441;&#x43B;&#x430;&#x432;&#x441;&#x43A;&#x430;&#x44F;]</subfield>
  </datafield>
  <datafield tag="210" ind1=" " ind2=" ">
    <subfield code="a">&#x41C;&#x43E;&#x441;&#x43A;&#x432;&#x430;</subfield>
    <subfield code="c">&#x418;&#x43D;&#x441;&#x442;&#x438;&#x442;&#x443;&#x442; &#x43A;&#x43E;&#x43D;&#x441;&#x443;&#x43B;&#x44C;&#x442;&#x438;&#x440;&#x43E;&#x432;&#x430;&#x43D;&#x438;&#x44F; &#x438; &#x441;&#x438;&#x441;&#x442;&#x435;&#x43C;&#x43D;&#x44B;&#x445; &#x440;&#x435;&#x448;&#x435;&#x43D;&#x438;&#x439;</subfield>
    <subfield code="d">2011</subfield>
  </datafield>
  <datafield tag="215" ind1=" " ind2=" ">
    <subfield code="a">354, [1] &#x441;.</subfield>
    <subfield code="c">&#x438;&#x43B;.</subfield>
    <subfield code="d">22</subfield>
  </datafield>
  <datafield tag="225" ind1="1" ind2=" ">
    <subfield code="a">&#x421;&#x438;&#x441;&#x442;&#x435;&#x43C;&#x43D;&#x430;&#x44F; &#x442;&#x435;&#x440;&#x430;&#x43F;&#x438;&#x44F; &#x438; &#x43A;&#x43E;&#x43D;&#x441;&#x443;&#x43B;&#x44C;&#x442;&#x438;&#x440;&#x43E;&#x432;&#x430;&#x43D;&#x438;&#x435;</subfield>
  </datafield>
  <datafield tag="300" ind1=" " ind2=" ">
    <subfield code="a">&#x41F;&#x435;&#x440;. &#x438;&#x437;&#x434;.: Lehrbuch der systemischen Therapie und Beratung / Arist von Schlippe, Jochen Schweitzer. - G&#xF6;ttingen, 2003</subfield>
  </datafield>
  <datafield tag="320" ind1=" " ind2=" ">
    <subfield code="a">&#x411;&#x438;&#x431;&#x43B;&#x438;&#x43E;&#x433;&#x440;. &#x432; &#x43A;&#x43E;&#x43D;&#x446;&#x435; &#x43A;&#x43D;. (746 &#x43D;&#x430;&#x437;&#x432;.)</subfield>
  </datafield>
  <datafield tag="454" ind1=" " ind2="0">
    <subfield code="1">2001#$aLehrbuch der systemischen Therapie und Beratung</subfield>
    <subfield code="1">700#1$3RU\NLR\auth\7751289$7ba$aSchlippe$bA. von$f1951-$gArist von$4070</subfield>
    <subfield code="1">701#1$3RU\NLR\auth\7751291$7ba$aSchweitzer$bJo.$f1954-$gJochen$4070</subfield>
    <subfield code="1">210##$aG&#xF6;ttingen$d2003</subfield>
    <subfield code="t">Lehrbuch der systemischen Therapie und Beratung</subfield>
    <subfield code="a">Schlippe, Arist von (1951-)</subfield>
  </datafield>
  <datafield tag="606" ind1="1" ind2=" ">
    <subfield code="a">&#x41F;&#x441;&#x438;&#x445;&#x43E;&#x442;&#x435;&#x440;&#x430;&#x43F;&#x438;&#x44F;</subfield>
    <subfield code="j">&#x423;&#x447;&#x435;&#x431;&#x43D;&#x438;&#x43A;&#x438; &#x434;&#x43B;&#x44F; &#x432;&#x44B;&#x441;&#x448;&#x438;&#x445; &#x443;&#x447;&#x435;&#x431;&#x43D;&#x44B;&#x445; &#x437;&#x430;&#x432;&#x435;&#x434;&#x435;&#x43D;&#x438;&#x439;</subfield>
    <subfield code="9">915280</subfield>
    <subfield code="3">RU\NLR\auth\6615398</subfield>
  </datafield>
  <datafield tag="686" ind1=" " ind2=" ">
    <subfield code="a">&#x420;357.1&#x44F;73-1</subfield>
  </datafield>
  <datafield tag="686" ind1=" " ind2=" ">
    <subfield code="a">&#x42E;948.1-82&#x44F;73</subfield>
  </datafield>
  <datafield tag="700" ind1=" " ind2="1">
    <subfield code="4">070</subfield>
    <subfield code="8">rus</subfield>
    <subfield code="7">ca</subfield>
    <subfield code="a">&#x428;&#x43B;&#x438;&#x43F;&#x43F;&#x435;</subfield>
    <subfield code="b">&#x410;. &#x444;&#x43E;&#x43D;</subfield>
    <subfield code="f">1951-</subfield>
    <subfield code="g">&#x410;&#x440;&#x438;&#x441;&#x442; &#x444;&#x43E;&#x43D;</subfield>
    <subfield code="3">RU\NLR\auth\7751288</subfield>
    <subfield code="9">34222</subfield>
  </datafield>
  <datafield tag="701" ind1=" " ind2="1">
    <subfield code="4">070</subfield>
    <subfield code="8">rus</subfield>
    <subfield code="7">ca</subfield>
    <subfield code="a">&#x428;&#x432;&#x430;&#x439;&#x442;&#x446;&#x435;&#x440;</subfield>
    <subfield code="b">&#x419;.</subfield>
    <subfield code="f">1954-</subfield>
    <subfield code="g">&#x419;&#x43E;&#x445;&#x430;&#x43D;</subfield>
    <subfield code="3">RU\NLR\auth\7751290</subfield>
    <subfield code="9">34224</subfield>
  </datafield>
  <datafield tag="801" ind1=" " ind2="0">
    <subfield code="a">RU</subfield>
    <subfield code="b">NLR</subfield>
    <subfield code="c">20110915</subfield>
    <subfield code="g">RCR</subfield>
  </datafield>
  <datafield tag="801" ind1=" " ind2="1">
    <subfield code="a">RU</subfield>
    <subfield code="b">NLR</subfield>
    <subfield code="c">20110915</subfield>
  </datafield>
  <datafield tag="942" ind1=" " ind2=" ">
    <subfield code="c">BOOK</subfield>
  </datafield>
  <datafield tag="980" ind1=" " ind2=" ">
    <subfield code="a">NB</subfield>
  </datafield>
  <datafield tag="980" ind1=" " ind2=" ">
    <subfield code="a">NBR</subfield>
  </datafield>
  <datafield tag="995" ind1=" " ind2=" ">
    <subfield code="5">2011-09-15</subfield>
    <subfield code="a">ad</subfield>
    <subfield code="b">NLR01</subfield>
    <subfield code="c">NLR01</subfield>
    <subfield code="e">RF8</subfield>
    <subfield code="f">3489099</subfield>
    <subfield code="k">2011-5/6943</subfield>
    <subfield code="o">0</subfield>
    <subfield code="r">BOOK</subfield>
    <subfield code="s">201156943_</subfield>
  </datafield>
  <datafield tag="995" ind1=" " ind2=" ">
    <subfield code="5">2011-09-15</subfield>
    <subfield code="a">ad</subfield>
    <subfield code="b">NLR01</subfield>
    <subfield code="c">NLR01</subfield>
    <subfield code="e">OZ3</subfield>
    <subfield code="f">1-296933</subfield>
    <subfield code="k">&#x41C;1 &#x420;357/&#x428;-692</subfield>
    <subfield code="o">0</subfield>
    <subfield code="r">BOOK</subfield>
    <subfield code="s">1_357692</subfield>
  </datafield>
  <datafield tag="995" ind1=" " ind2=" ">
    <subfield code="5">2011-11-02</subfield>
    <subfield code="a">ae</subfield>
    <subfield code="b">NLR02</subfield>
    <subfield code="c">NLR02</subfield>
    <subfield code="e">UCHZ</subfield>
    <subfield code="f">1-163041</subfield>
    <subfield code="k">&#x423; &#x42E;948.1/&#x428;-692</subfield>
    <subfield code="o">0</subfield>
    <subfield code="p">350.00</subfield>
    <subfield code="r">BOOK</subfield>
    <subfield code="s">_9481692</subfield>
  </datafield>
</record>
